Normal view
MARC view
- القادري،أحمد رشيد مؤلف/أبو شريخ،شاهر ذيب
Entry Personal Name
001 - CONTROL NUMBER
- control field: 17555
003 - CONTROL NUMBER IDENTIFIER
- control field: JO-AjAnu
005 - DATE AND TIME OF LATEST TRANSACTION
- control field: 20230606073110.0
008 - FIXED-LENGTH DATA ELEMENTS
- fixed length control field: 230606|| aca||aabn | a|a d
040 ## - CATALOGING SOURCE
- Original cataloging agency: JO-AjAnu
- Transcribing agency: JO-AjAnu
100 ## - HEADING--PERSONAL NAME
- Personal name: القادري،أحمد رشيد مؤلف/أبو شريخ،شاهر ذيب
670 ## - SOURCE DATA FOUND
- Source citation: Work cat.: (JO-AjAnu)9013: القادري،أحمد رشيد مؤلف/أبو شريخ،شاهر ذيب, author, الفكر التربوي الإسلامي